Bois et métaux / par Eugène Aucamus
Descripción Física:
X, 335, 16 p. : il. ; 19 cm
MARC
| LEADER | 00000nam a2200000Ia 4500 | ||
|---|---|---|---|
| 001 | 18309 | ||
| 008 | 160829s1901 xx 000 0 cat d | ||
| 080 | |a C-2-474 | ||
| 100 | |a Aucamus, E. |9 22328 | ||
| 245 | |a Bois et métaux / par Eugène Aucamus | ||
| 260 | |a Paris : |b Ch. Dunod et P. Vicq, |c 1901 | ||
| 300 | |a X, 335, 16 p. : |b il. ; |c 19 cm | ||
| 490 | |a Bibliotheque du conducteur de travaux publics | ||
| 590 | |a Text en francès | ||
| 650 | |a Explotació forestal |9 32668 | ||
| 650 | |a Metalls |x Indústria i comerç |9 22330 | ||
| 901 | |a Arxiu | ||
| 942 | |n 1 | ||
| 952 | |0 0 |1 0 |4 0 |6 C2474 |7 1 |9 42171 |a Arxiu |b Arxiu |d 2016-12-01 |l 0 |o C-2-474 |p 18309 |r 2016-12-01 00:00:00 |w 2016-12-01 |y ARXIU | ||
| 999 | |c 44618 |d 44618 | ||